000 005270000a22001810004500
003 LK-CoMWRAF
008 230817t ||||| |||| 00| 0 eng d
040 _aLK-CoMWRAF
_dLK-CoMWRAF
_eLK-CoMWRAF
041 _aeng
082 _a353
_bBEI
245 _aBeijing prakashana saha kriyatmaka veema sandha vadasatahana
_bsivvana jatyantara kantha samuluwa cheenaye Beijing nuwara 1995..
260 _aNew York
_bUNPID
_c1996
300 _ap.237
650 _aBeijing platform
650 _asinhala
650 _awomen
942 _cBK
999 _c2590
_d2590